Guess the Taylor Swift Song (no hints) 79 - Statistics

General Stats
  • This quiz has been taken 128 times
  • The average score is 414 of 490
Answer Stats
Answer % Correct
a
100%
I
100%
it
97%
it,
97%
it?
97%
it?)
97%
the
97%
You
96%
you
96%
Is
94%
me
93%
me?
93%
My
93%
my
93%
so
93%
your
93%
and
91%
But
91%
for
91%
We
91%
we,
91%
we
91%
do
90%
Do
90%
do?
90%
it's
90%
that
90%
that?
90%
to
90%
where
90%
you're
90%
all
88%
in
88%
In
88%
on
88%
This
88%
this
88%
when
88%
can
87%
know
87%
Are
85%
at?
85%
at
85%
of
85%
too
85%
can't
84%
want
84%
been
82%
could
82%
Isn't
82%
isn't
82%
(Isn't
82%
like
82%
mine,
82%
Now
82%
said
82%
think
82%
'Cause
81%
don't
81%
Just
81%
make
81%
never
81%
any
79%
best
79%
babe?
78%
head?
78%
Oh,
78%
time
78%
delicate
76%
(Delicate)
76%
delicate?
76%
ever
76%
look
76%
things
76%
ain't
75%
back
75%
drink
75%
up
75%
worse,
75%
must
73%
promises
73%
Side,
73%
yet?
73%
soon
72%
cool
70%
damn,
70%
damn
70%
East
70%
reputation's
70%
here;
69%
here,
69%
home
69%
with
69%
eyes
67%
fun
67%
girls
67%
hair
67%
hands
67%
into
67%
night
67%
chill
66%
West
66%
blue
64%
color
64%
meet
64%
Sometimes
64%
touch
64%
Yeah,
64%
dreaming
63%
honey,
63%
pretend
63%
seen
63%
sleep
63%
share
61%
stairs
61%
Come
60%
wonder;
60%
Dark
58%
jeans
58%
view
58%
footsteps
57%
mansion
57%
Nikes,
57%
bar
55%
Stay
55%
Handsome,
54%
Dive
52%
Long
52%
lights
49%
Echoes
48%
floor
48%
nightstand
46%
Phone
46%
black
45%
Third
45%
No matching quizzes found
Score Distribution
Percent of People with Each Score
Percentile by Number Answered
Your Score History
You have not taken this quiz